000
00318 a2200145 4500
001
174413
020
_a
040
_c
Magnum
100
_a
Viana, Vivina de Assis
240
1
0
_a
O dia de ver meu pai
_l
por
245
1
0
_a
O dia de ver meu pai
362
0
_a
1899
697
_a
LITERATURA INFANTO-JUVENIL
942
_c
BK
999
_c
174413
_d
174413